| 000 | 00486 a2200145 4500 | ||
|---|---|---|---|
| 999 |
_c5655 _d5655 |
||
| 020 | _a0553146386 | ||
| 050 | _aRM222.2TAR1978 | ||
| 100 |
_a Tarnower,Herman _eauthor |
||
| 245 |
_aThe complete Scarsdale medical diet : _bplus Dr. Tarnower's lifetime keep-slim programme / _cHerman Tarnower; Samm Sinclair Baker; David Delvin |
||
| 264 |
_aToronto : _b Bantam, _c1985 |
||
| 300 | _a225p. : | ||
| 500 | _aincludes index | ||
| 650 | _anovel | ||
| 942 |
_2lcc _cBK _hRM222.2 _iTAR _kRM |
||